Power, gender and development: popular women's Organizations and the politics of needs in Ecuador /
में बचाया:
| मुख्य लेखक: | |
|---|---|
| स्वरूप: | मूलपाठ |
| टैग: |
टैग जोड़ें
कोई टैग नहीं, इस रिकॉर्ड को टैग करने वाले पहले व्यक्ति बनें!
|
MARC
| LEADER | 00000 a a2200000 04500 | ||
|---|---|---|---|
| 001 | 42874 | ||
| 003 | |||
| 040 | |||
| 100 | |a Lind, Amy Conger | ||
| 245 | |a Power, gender and development: |b popular women's Organizations and the politics of needs in Ecuador / |c Amy Conger Lind | ||
| 773 | |g páginas 134-149 | ||
| 999 | |c 29956 |d 29956 | ||
